LEADER 01315nam a2200337 a 4500 001 000000131659 003 CaOOAMICUS 005 20220516174514.0 008 121126s2005 it u000 u ita r 020 $a88-459-1130-6 032 $aLibriCat 040 $aPUL$bita 041 1 $aita$hger 130 2 $aI ging.$lItaliano.$0(OLS)http://pul/title/166336 245 12$aI Ching :$bil Libro dei Mutamenti /$ca cura di Richard Wilhelm ; prefazione di C.G. Jung. 250 $a11. ed. 260 $aMilano :$bAdelphi,$c2005. 300 $a727 p. ;$c20 cm 490 1 $aGli Adelphi ;$v80 650 4$aOracoli cinesi.$0(OLS)http://pul/subject/18105 700 1 $aWilhelm, Richard,$d1873-1930.$0(OLS)http://pul/name/43670 700 1 $aJung, C. G.$q(Carl Gustav),$d1875-1961.$0(OLS)http://pul/name/441 830 4$aGli Adelphi ;$v80.$0(OLS)http://pul/title/101049 850 $aPUL 852 $aPUL$W1$xDP1 Fondo E. Rossi$y115$m1 C 62$j151846$qFondi$B150884$CPULBib$Z2$F150884 $82 941 1 $a1 961 $aSul dorso collocazione ms. di E. Rossi: C 43 0 996 $6020$a88-459-1130-6$9(OLS)http://pul/number/151182 996 $6245$aI Ching :$bil Libro dei Mutamenti$9(OLS)http://pul/title/166337 996 $6260$aMilano :$bAdelphi$9(OLS)http://pul/publisher/51018 LEADER 00938nam a2200205 u 4500 001 000000108212 003 CaOOAMICUS 005 20071114154552.0 008 071114s1961 it u000 u lat u 040 $aPUL$bita$dBc 245 00$aCasus conscientiae.$n4.$pDe praecipuis professionibus /$ccura et studio Petri Plazzini. 260 $aRoma :$bOfficium libri catholici,$c1961. 300 $a112 p. ;$c26 cm. 650 4$aTeologia morale.$0(OLS)http://pul/subject/1500 650 4$aCoscienza.$0(OLS)http://pul/subject/5039 700 1 $aPalazzini, Pietro,$ccard.,$d1912-2000.$0(OLS)http://pul/name/1723 850 $aPUL 852 $aPUL$W1$xSL Religione 1$y3$m36 E 32$j123178$av. 4$qStampati$B122151$CPULBib$Z2$F122151 $H23505 $82 996 $6245$aCasus conscientiae.$n4.$pDe praecipuis professionibus$9(OLS)http://pul/title/136199 996 $6260$aRoma :$bOfficium libri catholici$9(OLS)http://pul/publisher/48484